000 01354nam a22003737a 4500
001 13603683
003 OSt
005 20210414101501.0
008 040524s2004 nyuab 000 0 eng
010 _a 2004052747
020 _a0071432515 (package)
020 _a0071432507 (book)
040 _aDLC
_cDLC
_dDLC
_beng
041 _aeng
_dfre
042 _apcc
050 0 0 _aPC2121
_b.B285 2004
080 _a811-3
_bB-18
082 0 0 _a448.3/421
_222
100 1 _aBaldwin, Shirley.
245 1 0 _aConversational French in 7 days /
_cShirley Baldwin and Sarah Boas.
_b/ by: McGraw-Hill
246 3 0 _aConversational French in seven days
260 _aNew York
_bMcGraw-Hill
_c2004.
300 _a92 p.
_bcol. ill., col. maps
_c21 cm.
365 _b7.95 usd
650 0 _aFrench language
_vConversation and phrase books
_xEnglish.
650 0 _aDictionary
_9452
653 _aლექსიკონი
700 1 _aBoas, Sarah.
856 4 2 _3Publisher description
_uhttp://www.loc.gov/catdir/description/mh051/2004052747.html
856 4 2 _3Contributor biographical information
_uhttp://www.loc.gov/catdir/enhancements/fy0737/2004052747-b.html
906 _a7
_bcbc
_corignew
_d1
_eocip
_f20
_gy-gencatlg
942 _2udc
_cBK
999 _c2144
_d2144